|
|
|
|
| LEADER |
02058nam a2200421 4500 |
| 001 |
978-981-10-4873-9 |
| 003 |
DE-He213 |
| 005 |
20191220130310.0 |
| 007 |
cr nn 008mamaa |
| 008 |
171229s2018 si | s |||| 0|eng d |
| 020 |
|
|
|a 9789811048739
|9 978-981-10-4873-9
|
| 024 |
7 |
|
|a 10.1007/978-981-10-4873-9
|2 doi
|
| 040 |
|
|
|d GrThAP
|
| 050 |
|
4 |
|a R895-920
|
| 072 |
|
7 |
|a MMPF
|2 bicssc
|
| 072 |
|
7 |
|a MED098000
|2 bisacsh
|
| 072 |
|
7 |
|a MKSF
|2 thema
|
| 082 |
0 |
4 |
|a 616.07543
|2 23
|
| 245 |
1 |
0 |
|a Basics of Abdominal, Gynaecological, Obstetrics and Small Parts Ultrasound
|h [electronic resource] /
|c edited by Rajendra K. Diwakar.
|
| 250 |
|
|
|a 1st ed. 2018.
|
| 264 |
|
1 |
|a Singapore :
|b Springer Singapore :
|b Imprint: Springer,
|c 2018.
|
| 300 |
|
|
|a XV, 157 p. 335 illus., 156 illus. in color.
|b online resource.
|
| 336 |
|
|
|a text
|b txt
|2 rdacontent
|
| 337 |
|
|
|a computer
|b c
|2 rdamedia
|
| 338 |
|
|
|a online resource
|b cr
|2 rdacarrier
|
| 347 |
|
|
|a text file
|b PDF
|2 rda
|
| 520 |
|
|
|a This book offers an essential guide for postgraduates, obstetricians and gynaecologists (including teaching faculty), helping them develop workflows for the early detection and assessment of high-risk pregnancies & pregnancy with IUGR using colour Doppler applications and transfontenellar cranial sonography in premature new-borns during routine ultrasonography. This book familiarizes practicing radiologists and Ob-Gyn specialists with this aspect of sonography, so as to improve perinatal outcomes.
|
| 650 |
|
0 |
|a Radiology.
|
| 650 |
1 |
4 |
|a Ultrasound.
|0 http://scigraph.springernature.com/things/product-market-codes/H29064
|
| 700 |
1 |
|
|a Diwakar, Rajendra K.
|e editor.
|4 edt
|4 http://id.loc.gov/vocabulary/relators/edt
|
| 710 |
2 |
|
|a SpringerLink (Online service)
|
| 773 |
0 |
|
|t Springer eBooks
|
| 776 |
0 |
8 |
|i Printed edition:
|z 9789811048722
|
| 776 |
0 |
8 |
|i Printed edition:
|z 9789811048746
|
| 776 |
0 |
8 |
|i Printed edition:
|z 9789811352539
|
| 856 |
4 |
0 |
|u https://doi.org/10.1007/978-981-10-4873-9
|z Full Text via HEAL-Link
|
| 912 |
|
|
|a ZDB-2-SME
|
| 950 |
|
|
|a Medicine (Springer-11650)
|